=LDR 00000nam 2200000 4500 =001 INLIS000000000031325 =005 20130612133414 =008 ***********************************ind** =035 ##$$0010-061300000031325 =041 ##$$a ind =082 ##$$a 646. 404 =090 ##$$a 646. 404 , Ruf a =100 ##$$a Rufaidah,Anne =245 ##$$a Anggun berkerudung digala kesempatan, Anne Rufaidah; editor, Hana Listiani =260 ##$$a 2006 $b Jakarta =300 ##$$a 102 hlm. , ilus. , 21 cm =650 ##$$a Pakaian Wanita =650 ##$$a Kontruksi =650 ##$$a Pola =850 ##$$a NBPNMAT